EVOLUSI DALAM PERUBATAN / (Record no. 192692)

MARC details
000 -LEADER
fixed length control field 00952nam a2200277 ia4500
005 - DATE AND TIME OF LATEST TRANSACTION
control field 20230806164706.0
008 - FIXED-LENGTH DATA ELEMENTS--GENERAL INFORMATION
fixed length control field 230806s2023 my ao j 000 0 may d
020 ## - INTERNATIONAL STANDARD BOOK NUMBER
International Standard Book Number 9789672443551
Qualifying information set
International Standard Book Number 9789672443544
Terms of availability RM39.90
Qualifying information paperback
040 ## - CATALOGING SOURCE
Original cataloging agency PPAK
Language of cataloging eng
Transcribing agency PPAK
Description conventions rda
082 04 - DEWEY DECIMAL CLASSIFICATION NUMBER
Edition number 23
Classification number 338.064
090 00 - LOCALLY ASSIGNED LC-TYPE CALL NUMBER (OCLC); LOCAL CALL NUMBER (RLIN)
Classification number (OCLC) (R) ; Classification number, CALL (RLIN) (NR) 338.064
Feature heading MDZ
Feature heading K
100 0# - MAIN ENTRY--PERSONAL NAME
Personal name Md. Zairul Kusnan,
Dates associated with a name 1983-
Relator term author.
245 10 - TITLE STATEMENT
Title EVOLUSI DALAM PERUBATAN /
Statement of responsibility, etc. Md. Zairul
264 #1 - PRODUCTION, PUBLICATION, DISTRIBUTION, MANUFACTURE, AND COPYRIGHT NOTICE
Place of production, publication, distribution, manufacture Sabak Bernam, Selangor :
Name of producer, publisher, distributor, manufacturer Lebar Akar Resources,
Date of production, publication, distribution, manufacture, or copyright notice 2023
300 ## - PHYSICAL DESCRIPTION
Extent 40 pages :
Other physical details colour illustrations, colour photographs ;
Dimensions 26 cm
336 ## - CONTENT TYPE
Content type term text
Source rdacontent
337 ## - MEDIA TYPE
Media type term unmediated
Source rdamedia
338 ## - CARRIER TYPE
Carrier type term volume
Source rdacarrier
490 1# - SERIES STATEMENT
Series statement Evolusi Akibat Putaran Teknologi
650 10 - SUBJECT ADDED ENTRY--TOPICAL TERM
Topical term or geographic name entry element Technological innovations
Topical term or geographic name entry element Technology
General subdivision History
Topical term or geographic name entry element Medical innovations
General subdivision History
830 #0 - SERIES ADDED ENTRY--UNIFORM TITLE
Uniform title Evolusi akibat putaran teknologi
942 ## - ADDED ENTRY ELEMENTS (KOHA)
Source of classification or shelving scheme Dewey Decimal Classification
Koha item type Book
Holdings
Withdrawn Not for loan Current library Shelving location Date acquired Total Checkouts Full call number Barcode Date last seen Koha item type Date last checked out
    Perpustakaan Alor Setar Pinjaman Kanak-kanak 10/10/2023   K 338.064 MDZ A01792888 10/10/2023 Book  
    Perpustakaan Awam Sungai Petani Pinjaman Kanak-kanak 10/10/2023   K 338.064 MDZ A01792889 10/10/2023 Book  
    Perpustakaan Baling Pinjaman Kanak-kanak 10/10/2023   K 338.064 MDZ A01792893 10/10/2023 Book  
    Perpustakaan Bandar Baharu Pinjaman Kanak-kanak 10/10/2023   K 338.064 MDZ A01792894 10/10/2023 Book  
    Perpustakaan Jitra Pinjaman Kanak-kanak 10/10/2023   K 338.064 MDZ A01792890 10/10/2023 Book  
    Perpustakaan Kuala Nerang Pinjaman Kanak-kanak 10/10/2023   K 338.064 MDZ A01792898 10/10/2023 Book  
    Perpustakaan Kulim Pinjaman Kanak-kanak 10/10/2023   K 338.064 MDZ A01792892 10/10/2023 Book  
    Perpustakaan Langkawi Pinjaman Kanak-kanak 10/10/2023   K 338.064 MDZ A01792891 10/10/2023 Book  
    Perpustakaan Merbok Pinjaman Kanak-kanak 10/10/2023   K 338.064 MDZ A01792895 10/10/2023 Book  
    Perpustakaan Pendang Pinjaman Kanak-kanak 10/10/2023   K 338.064 MDZ A01792899 10/10/2023 Book  
    Perpustakaan Sik Pinjaman Kanak-kanak 10/10/2023   K 338.064 MDZ A01792897 10/10/2023 Book  
    Perpustakaan Yan Pinjaman Kanak-kanak 10/10/2023 1 K 338.064 MDZ A01792896 12/02/2024 Book 06/02/2024